Estatísticas para Top 4 Colocados das Copa do Mundo Feminina da FIFA

Clique aqui para jogar o quiz

Estatísticas Gerais

  • Esse quiz foi jogado 4 105 vezes
    (840 desde o último reset)
  • A pontuação média é 11 de 13

Estatísticas das Respostas

País% Correto
Estados Unidos
99%
Brasil
98%
Espanha
95%
Alemanha
93%
França
92%
Canadá
90%
Japão
88%
Inglaterra
82%
Suécia
81%
Austrália
79%
China
77%
Países Baixos
75%
Noruega
73%

Distribuição das Pontuações

Percentil de Números Respondidos

Porcentagem de Pessoas com Cada Pontuação

Sua Pontuação Histórica

Você não jogou esse quiz desde o último reset